000 00448cam a2200193ua 4500
001 7309
008 141206n ii |||gr||||Z||||||ben
020 _a9788189101211
040 _cMAIN
041 _aben
082 _a891.443
100 _aSarungba, R.,
_eAuthor.
245 1 _aSeda Shatpa Taibong
_cBy Ranbir Sarungba
250 _a1st.
260 _aImphal:
_bWriter,
_c2008.
300 _a138p.
653 _aBengali literature
942 _cBK
999 _c6434
_d6434